00193nam a2200073Ia 4500082001200000245002500012100004100037008004100078 aAF DUPL 0aLiefde met 'n ompad  a DU PLESSIS, Rika Pretoria, 2000 210817s9999 xx 000 0 und d